| 000 | 00924nam a22002537a 4500 | ||
|---|---|---|---|
| 003 | UA-OsUOA | ||
| 001 | 109297 | ||
| 007 | ta | ||
| 008 | 20141218b un ||||| |||| 00| 0 ukr d | ||
| 100 | _aМалиновский И. А. | ||
| 090 |
_a343.253 _bМ19 |
||
| 942 | _cBK | ||
| 040 |
_aUA-OsUOA _brus _cUA-OsUOA _dUA-OsUOA |
||
| 245 |
_aКровавая месть и смертные казни _cпод ред. и с предисл. В. А. Попелюшка |
||
| 300 | _a260 с. | ||
| 955 | _a1 | ||
| 041 | _arus | ||
| 080 | _a343.253 | ||
| 520 | 3 | _aСодержание1. Эпоха господства кровавой мести2. Вымирание кровавой мести3. Возрождение кровавой мести | |
| 260 |
_aОстрог _bНаУОА _c2014 |
||
| 250 | _nВып. 1 | ||
| 650 | 7 |
_a343 Кримінальне право. Карні порушення _2UDC |
|
| 999 |
_c396123 _d396123 |
||